[Event "23rd Staufer-Open"]
[Site "Leinzell GER"]
[Date "2011.01.05"]
[Round "7"]
[White "Zeller,F"]
[Black "Koller,J"]
[Result "1-0"]
[WhiteElo "2445"]
[BlackElo "2243"]

1.e4 c5 2.Nf3 e6 3.Nc3 Nc6 4.d4 cxd4 5.Nxd4 a6 6.Be2 Nge7 7.Nb3 d6 8.a4 Qc7
9.a5 Bd7 10.Be3 Nc8 11.O-O Be7 12.Na4 Ne5 13.Nd2 Bc6 14.c4 Nd7 15.b4 b5 16.axb6 Ncxb6
17.Nxb6 Nxb6 18.b5 axb5 19.cxb5 Bb7 20.Rxa8+ Bxa8 21.Qa1 O-O 22.Qa5 Nd5 23.Qxc7 Nxc7
24.b6 Ne8 25.Ba6  1-0

[Event "53rd Masters"]
[Site "Reggio Emilia ITA"]
[Date "2011.01.05"]
[Round "8"]
[White "Caruana,F"]
[Black "Movsesian,S"]
[Result "1/2-1/2"]
[WhiteElo "2709"]
[BlackElo "2721"]

1.e4 c5 2.Nf3 e6 3.d4 cxd4 4.Nxd4 Nc6 5.Nc3 Qc7 6.Be2 Nf6 7.Be3 Be7 8.f4 d6
9.Qd2 a6 10.O-O-O Nd7 11.g4 b5 12.Nxc6 Qxc6 13.a3 Bb7 14.g5 Nc5 15.Rhf1 Qc7
16.Bd4 O-O 17.f5 Nxe4 18.Nxe4 Bxe4 19.f6 Rfc8 20.c3 Bd8 21.fxg7 e5 22.Be3 Be7
23.Bh5 Bg6 24.Bxg6 hxg6 25.Rf3 Kxg7 26.Qd5 Rf8 27.Rdf1  1/2-1/2

[Event "Rilton Cup 2010-11"]
[Site "Stockholm SWE"]
[Date "2011.01.05"]
[Round "9"]
[White "Palmblad,J"]
[Black "Jansson,A"]
[Result "1/2-1/2"]
[WhiteElo "2135"]
[BlackElo "2171"]

1.e4 c5 2.Nf3 e6 3.d4 cxd4 4.Nxd4 Nc6 5.Nc3 Nf6 6.Be3 d6 7.Be2 Be7 8.Qd2 O-O
9.O-O-O a6 10.f4 Qc7 11.Nb3 b5 12.Bf3 Bb7 13.g4 b4 14.Na4 a5 15.g5 Nd7 16.Qf2 Rab8
17.Nb6 Nxb6 18.Bxb6 Qc8 19.Nxa5 Nxa5 20.Bxa5 Ra8 21.Bxb4 Rxa2 22.e5 Ra1+
23.Kd2 Rxd1+ 24.Kxd1 Rd8 25.Ba5 Rd7 26.Kc1 Qa8 27.Bxb7 Qxa5 28.Bc6 Rd8 29.c3 dxe5
30.Kc2 exf4  1/2-1/2

[Event "Australian Open"]
[Site "Cammeray AUS"]
[Date "2011.01.06"]
[Round "5.17"]
[White "Chen,Pengyu"]
[Black "Lay,Peter D"]
[Result "1-0"]
[WhiteElo "1977"]
[BlackElo "1987"]

1.e4 c5 2.Nf3 e6 3.Nc3 Nc6 4.d4 cxd4 5.Nxd4 a6 6.Be3 Qc7 7.Qd2 Nf6 8.O-O-O Be7
9.f3 O-O 10.g4 d6 11.h4 b5 12.g5 Nd7 13.g6 Nde5 14.gxh7+ Kxh7 15.Qg2 b4 16.Nce2 Nxd4
17.Bxd4 f6 18.h5 Bd7 19.f4 Rac8 20.c3 Nf7 21.Qg6+ Kh8 22.h6 Nxh6 23.Rxh6+ gxh6
24.Qxh6+ Kg8 25.Qg6+ Kh8 26.Bg2  1-0

[Event "XXII Open"]
[Site "Villa De Roquetas ESP"]
[Date "2011.01.06"]
[Round "8"]
[White "Castano,H"]
[Black "Teske,H"]
[Result "0-1"]
[WhiteElo "2237"]
[BlackElo "2520"]

1.e4 c5 2.Nf3 e6 3.d4 cxd4 4.Nxd4 Nc6 5.Nc3 Qc7 6.Be3 Nf6 7.f4 d6 8.Qf3 a6
9.O-O-O Be7 10.f5 Ne5 11.Qh3 Neg4 12.Bg1 Bd7 13.Kb1 O-O-O 14.Qg3 h5 15.Qe1 Ne5
16.h4 g6 17.Rh3 gxf5 18.exf5 exf5 19.Nce2 d5 20.Rb3 Nc4 21.Nc3 Rhe8 22.Nce2 Ne4
23.Rf3 Bc5 24.Ka1 Ne5 25.Rb3 Nc4 26.Rf3 Qe5 27.Rb3 Qf6 28.Rf3 Kb8 29.g3 Ne5
30.Rb3 Ba4 31.Re3 Nc4 32.Rf3 Bxc2 33.Rc1 Ned2 34.Rxc2 Bxd4 35.Bxd4 Nxf3 36.Bxf6 Nxe1
37.Rc3 Rc8 38.Bd4 Nd2 39.Rxc8+ Kxc8  0-1

[Event "HSK GM"]
[Site "Hamburg GER"]
[Date "2011.01.07"]
[Round "7.4"]
[White "Berger,Stev"]
[Black "Rogozenco,D"]
[Result "0-1"]
[WhiteElo "2427"]
[BlackElo "2534"]

1.e4 c5 2.Nc3 e6 3.Nf3 Nc6 4.d4 cxd4 5.Nxd4 Nf6 6.g3 d5 7.exd5 Nxd5 8.Bg2 Ndb4
9.Nxc6 Qxd1+ 10.Kxd1 bxc6 11.a3 Nd5 12.Ne4 Ba6 13.Nd2 Bc5 14.c4 Ne7 15.b4 Bxf2
16.b5 Bb7 17.Rb1 Bb6 18.Bb2 O-O 19.Ke2 Rad8 20.Nb3 Ba8 21.c5 Bc7 22.a4 cxb5
23.Bxa8 bxa4 24.Be4 axb3 25.Ba3 Rd4 26.Ke3 Ra4 27.Rxb3 f5 28.Bd3 f4+ 29.Kd2 fxg3
30.hxg3 h6 31.c6 Rf2+ 32.Ke3 Rf7 33.Bxe7 Rxe7 34.Rh4 Rxh4 35.gxh4 g5 36.hxg5 hxg5
37.Kf3 Bf4 38.Ba6 Kf7 39.Bc8 Rc7 40.Bd7 a5 41.Ra3 Ra7 42.Ra4 Ke7 43.Re4 e5
44.Ra4 Kd6 45.Rc4 Kc7 46.Ra4 Ra8 47.Ke4 Kd6 48.Kd3 Bg3 49.Bf5 Kxc6 50.Kc4 Kb6
51.Ra1 a4 52.Ra3 Rf8 53.Be4 Rd8 54.Bd5 Rc8+ 55.Kb4 Be1+ 56.Kxa4 Kc5 57.Bg2 Kd4
58.Ra1 Bd2  0-1

[Event "1st HDBank Cup"]
[Site "Ho Chi Minh City VIE"]
[Date "2011.01.07"]
[Round "7.11"]
[White "Nguyen Thanh Son"]
[Black "Dao Thien Hai"]
[Result "0-1"]
[WhiteElo "2437"]
[BlackElo "2512"]

1.e4 c5 2.Nf3 e6 3.d4 cxd4 4.Nxd4 Nc6 5.Nc3 a6 6.Be3 Qc7 7.f4 b5 8.Qf3 Bb7
9.Bd3 Nf6 10.O-O-O Nb4 11.Kb1 Be7 12.g4 d5 13.e5 Nd7 14.f5 Nxe5 15.Qg3 O-O
16.Bf4 Bd6 17.Bxb5 Nxa2 18.Nxa2 axb5 19.fxe6 fxe6 20.Nxe6 Qa5 21.Qb3 Rf6
22.Nc5 Bxc5 23.Bxe5 Rfa6  0-1

[Event "85th YMCA Masters"]
[Site "Warsaw POL"]
[Date "2011.01.07"]
[Round "1"]
[White "Moskwinski,T"]
[Black "Janczarski,M"]
[Result "0-1"]
[WhiteElo "2218"]
[BlackElo "2296"]

1.e4 c5 2.Nf3 e6 3.d4 cxd4 4.Nxd4 Nc6 5.Nc3 Qc7 6.Be2 Nf6 7.O-O a6 8.a4 Be7
9.Be3 d6 10.f4 Bd7 11.Nb3 Na5 12.Nxa5 Qxa5 13.Qd3 Bc6 14.Bf3 O-O 15.b4 Qc7
16.b5 Bd7 17.b6 Qb8 18.e5 dxe5 19.fxe5 Qxe5 20.Bxb7 Rad8 21.Qd4 Qa5 22.Qc4 Rb8
23.Bxa6 e5 24.Bb5 Rfc8 25.Qe2 Bg4 26.Qe1 Bb4 27.Qg3 Bxc3 28.Rab1 h5 29.h3 Ne4
30.Qh4 g5 31.Bxg5 Qxb6+ 32.Kh2 Qg6 33.Be3 Bf5 34.Rbd1 Ba5 35.Bd3 Bd8 36.Qe1 Nd6
37.Rxf5 e4 38.Bxe4 Nxe4 39.Rdd5 Rxc2 40.Qf1 Qg3+ 41.Kh1 Qxe3  0-1

[Event "9th Parsvnath Open"]
[Site "New Delhi IND"]
[Date "2011.01.08"]
[Round "2.22"]
[White "Arun,Ka"]
[Black "Konguvel,P"]
[Result "1/2-1/2"]
[WhiteElo "2294"]
[BlackElo "2423"]

1.e4 c5 2.Nf3 Nc6 3.d4 cxd4 4.Nxd4 e6 5.Nc3 Qc7 6.f4 a6 7.Nxc6 Qxc6 8.Bd3 b5
9.Qe2 Bb7 10.Bd2 Bc5 11.O-O-O Ne7 12.a3 O-O-O 13.Rhe1 g6 14.g3 f5 15.Kb1 Rhe8
16.Na2 fxe4 17.Bxe4 Qxe4 18.Qxe4 Bxe4 19.Rxe4 Nc6 20.Rde1 Rf8 21.c4 Kc7 22.Rc1 d5
23.cxd5 exd5 24.Re2 Kd6 25.f5 Rxf5 26.Bf4+ Rxf4 27.gxf4 Nd4 28.Re3 Rf8 29.Rec3 Bb6
30.Nb4 Ba5 31.Rh3 Bxb4 32.axb4 Rxf4 33.Rxh7 Nc6  1/2-1/2

[Event "68th ch-GEO w"]
[Site "Anaklia GEO"]
[Date "2011.01.10"]
[Round "1.1"]
[White "Khukhashvili,S"]
[Black "Khurtsidze,N"]
[Result "0-1"]
[WhiteElo "2437"]
[BlackElo "2436"]

1.e4 c5 2.Nf3 e6 3.d4 cxd4 4.Nxd4 Nc6 5.Nc3 Qc7 6.Be2 Nf6 7.O-O a6 8.Be3 Be7
9.f4 d6 10.Qe1 Bd7 11.Qg3 g6 12.Kh1 h5 13.a4 Nb4 14.a5 Rc8 15.Nb3 Nxc2 16.Bb6 Qb8
17.e5 h4 18.Qh3 Nxa1 19.exf6 Nxb3 20.fxe7 Bc6 21.Re1 Kxe7 22.Bd1 Nc5 23.b4 Nd7
24.Bd4 e5 25.Bf2 Kf8 26.Bg4 Qc7 27.Ne2 Re8 28.f5 Nf6 29.fxg6 fxg6 30.Rf1 Kg7
31.Bxh4 Nxg4 32.Qxg4 Ref8 33.Rc1 Qf7 34.h3 Qf5 35.Qxf5 Rxf5 36.Be7 Rf2  0-1

[Event "9th Parsvnath Open"]
[Site "New Delhi IND"]
[Date "2011.01.10"]
[Round "4.41"]
[White "Subedi Raju"]
[Black "Vaibhav,S"]
[Result "0-1"]
[WhiteElo "1939"]
[BlackElo "2421"]

1.e4 c5 2.Nf3 e6 3.d4 cxd4 4.Nxd4 Nc6 5.Nc3 Qc7 6.Be3 a6 7.Qd2 Nf6 8.Be2 Bb4
9.f3 d5 10.Nxc6 bxc6 11.a3 Bd6 12.Bg5 Rb8 13.Rb1 Bb7 14.exd5 cxd5 15.Bd3 Nd7
16.Bh4 Bxh2 17.Qg5 Qe5+ 18.Ne2 Qxg5 19.Bxg5 Bd6 20.Bf4 Bxf4 21.Nxf4 Ke7 22.Kd2 h6
23.Rbe1 Rhd8 24.b4 Kf8 25.g4 Rbc8 26.g5 hxg5 27.Nh3 g4 28.fxg4 Ke7 29.Nf4 g5
30.Nh5 Rg8 31.Rhf1 Rcf8 32.Ng3 Kd6 33.Nh5 f6 34.c4 dxc4 35.Bxc4 Ne5 36.Be2 f5
37.Ke3 Rh8 38.Rd1+ Ke7 39.gxf5 exf5 40.Rc1 f4+ 41.Kd4 Kd6 42.Rg1 f3 43.Rxg5 fxe2
44.Rxe5 Rf1 45.Rxe2 Rxc1  0-1

[Event "9th Parsvnath Open"]
[Site "New Delhi IND"]
[Date "2011.01.10"]
[Round "4.26"]
[White "Singh,Ar"]
[Black "Himanshu,Sh"]
[Result "0-1"]
[WhiteElo "2080"]
[BlackElo "2400"]

1.e4 c5 2.Nf3 e6 3.d4 cxd4 4.Nxd4 Nc6 5.Nc3 Qc7 6.f4 a6 7.Nxc6 bxc6 8.e5 f5
9.Bd3 Nh6 10.h3 Be7 11.Be3 Bh4+ 12.Kf1 Be7 13.Qe2 O-O 14.Na4 a5 15.c4 d6
16.Bb6 Qb8 17.Bd4 c5 18.exd6 cxd4 19.dxe7 Re8 20.Qf2 Qb4 21.b3 Bd7 22.Qxd4 Bxa4
23.bxa4 Qxe7 24.Kf2 Rad8 25.Qe3 e5 26.c5 Rd4 27.Rhc1 Rxf4+ 28.Kg1 Rd4 29.Bb5 Red8
30.c6 Qc7 31.Rab1 f4 32.Qb3+ Kh8 33.Ba6 Rb4 34.Qe6 Ng8 35.Rxb4 axb4 36.Bb7 Nf6
37.a5 e4 38.a6 f3 39.Qb3 Rd2  0-1

[Event "118th ch-NZL 2011"]
[Site "Auckland NZL"]
[Date "2011.01.11"]
[Round "10.7"]
[White "Dordevic,Ivan"]
[Black "Stuart,P"]
[Result "1/2-1/2"]
[WhiteElo "2019"]
[BlackElo "2025"]

1.e4 c5 2.Nf3 e6 3.d4 cxd4 4.Nxd4 Nc6 5.Nc3 Qc7 6.Be2 a6 7.O-O Nf6 8.Be3 Bb4
9.Na4 Be7 10.Nxc6 bxc6 11.Nb6 Rb8 12.Nxc8 Qxc8 13.e5 Nd5 14.Ba7 Ra8 15.Bd4 c5
16.c4 Nf4 17.Bc3 Nxe2+ 18.Qxe2 O-O 19.f4 f5 20.Rad1 Rf7 21.Rd3 Bf8 22.Rfd1 Qc6
23.Kf2 Ra7 24.g3 a5 25.b3 a4 26.Qf3 axb3 27.axb3 Rb7 28.Qxc6 dxc6 29.Bd2 Rfd7
30.Be3 Rxd3 31.Rxd3 Kf7 32.Ke2 Ke8 33.Kd2 Rd7 34.Rxd7 Kxd7 35.Kc2  1/2-1/2

[Event "9th Parsvnath Open"]
[Site "New Delhi IND"]
[Date "2011.01.12"]
[Round "7"]
[White "Zeng,C"]
[Black "Rahman,Zia"]
[Result "1/2-1/2"]
[WhiteElo "2377"]
[BlackElo "2528"]

1.e4 c5 2.Nf3 e6 3.d4 cxd4 4.Nxd4 Nc6 5.Nc3 Qc7 6.Be3 a6 7.Qd2 Nf6 8.O-O-O Bb4
9.f3 Ne5 10.Nb3 b5 11.Qe1 Be7 12.Qf2 O-O 13.g4 Rb8 14.g5 Nh5 15.Kb1 Nc4 16.Bc1 f6
17.g6 hxg6 18.Rg1 f5 19.Qg2 b4 20.Qxg6 bxc3 21.Qxh5 Rf7 22.Bxc4 Qxc4 23.Bh6 Bf8
24.exf5 Qb5 25.Bxg7 Bxg7 26.Rxg7+ Rxg7 27.Qe8+ Kh7 28.Qh5+ Kg8 29.Qe8+ Kh7  1/2-1/2

[Event "I Antonio Rocha Mem"]
[Site "Campinas BRA"]
[Date "2011.01.13"]
[Round "1.2"]
[White "Saldano Dayer,H"]
[Black "Di Berardino,D"]
[Result "1-0"]
[WhiteElo "2401"]
[BlackElo "2490"]

1.e4 c5 2.Nf3 e6 3.d4 cxd4 4.Nxd4 Nc6 5.Nc3 a6 6.Be3 Nf6 7.f4 Bb4 8.Bd3 d6
9.Nxc6 bxc6 10.O-O d5 11.e5 Nd7 12.Na4 Be7 13.c4 O-O 14.Qc2 g6 15.Rac1 Rb8
16.cxd5 cxd5 17.Qc7 f6 18.exf6 Bxf6 19.Qxd8 Rxd8 20.b3 Re8 21.Rc6 Ra8 22.Rfc1 Be7
23.Bd4 Kf7 24.Rc7 Bd6 25.Nb6 Bxc7 26.Rxc7  1-0

[Event "36th Open"]
[Site "Seville ESP"]
[Date "2011.01.13"]
[Round "7"]
[White "Sengupta,D"]
[Black "Gonzalez Garcia,J2"]
[Result "1/2-1/2"]
[WhiteElo "2530"]
[BlackElo "2503"]

1.e4 c5 2.Nf3 e6 3.d4 cxd4 4.Nxd4 Nc6 5.Nc3 Qc7 6.Be3 Nf6 7.Qd2 Nxd4 8.Bxd4 e5
9.Be3 Bb4 10.f3 O-O 11.Bg5 d6 12.Bxf6 gxf6 13.Bd3 Bxc3 14.bxc3 Qc5 15.Rb1 a6
16.Qh6 Be6 17.h4 Qxc3+ 18.Kf1 Rfc8 19.h5 Qc7 20.f4 exf4 21.Rh4 Qc5 22.e5 f5
23.exd6 Qxd6 24.Rxb7 Qe5 25.Rxf4 Kh8 26.Rb1 Qg7 27.Qxg7+ Kxg7 28.a4 Rc5 29.Ke2 Kf6
30.g3 Rg8 31.Kf2 Kg5 32.Rb6 a5 33.Rb5 Rgc8 34.Ke3 Bd7 35.Rxc5 Rxc5 36.Kd4 Rc6
37.c4 Re6 38.Kc3 Rc6 39.Rd4 Rc7 40.Rd5 Bxa4 41.Rxf5+ Kh6 42.Rxa5 Bd1 43.Be4 Bxh5
44.c5 Bg6 45.Bf3 Kg5 46.c6+ f5 47.Kd4 Be8 48.Kc5 Bxc6 49.Bxc6 Kg4 50.Kd6 Rg7
51.Bd7 Kxg3 52.Rxf5 h6 53.Rh5 Rg6+ 54.Be6 Kf4 55.Ke7 Rg5 56.Rxh6 Ke3 57.Rh7 Rg1
58.Rh5 Kd4 59.Kd6 Ra1 60.Rh4+ Ke3 61.Ke5 Ra8 62.Rh3+ Ke2 63.Bd5 Rd8 64.Kd4 Kd2
65.Rh2+ Kd1 66.Rg2 Rd7 67.Ke4 Kc1 68.Bc4 Rd2 69.Rg6 Kb2 70.Bd3 Kc3 71.Rc6+ Kb4
72.Kd4 Rb2 73.Ra6 Kb3 74.Bc4+ Kb4 75.Rc6 Ka3 76.Bd3 Kb4 77.Bc2 Kb5 78.Rc8 Kb4
79.Rc7 Ka3 80.Kd3 Rb6 81.Rc5 Rb4 82.Rc3+ Kb2 83.Kd2 Rd4+ 84.Bd3 Rh4 85.Rc7 Rb4
86.Rc1 Ka3 87.Bc4 Kb2 88.Rc3  1/2-1/2

[Event "I Antonio Rocha Mem"]
[Site "Campinas BRA"]
[Date "2011.01.15"]
[Round "3.3"]
[White "Zambrana,O"]
[Black "Di Berardino,D"]
[Result "1/2-1/2"]
[WhiteElo "2513"]
[BlackElo "2490"]

1.e4 c5 2.Nf3 e6 3.d4 cxd4 4.Nxd4 Nc6 5.Nc3 a6 6.Nxc6 bxc6 7.Qd3 d5 8.Bf4 Bd6
9.Bxd6 Qxd6 10.Qg3 Qxg3 11.hxg3 Nf6 12.Bd3 a5 13.f3 h6 14.O-O-O Ke7 15.Na4 Rb8
16.b3 Nd7 17.c4 Nb6 18.Nxb6 Rxb6 19.exd5 cxd5 20.cxd5 exd5 21.Rh4 Be6 22.Kd2 Rb4
23.Rb1 Rhb8 24.Bc2 Kd6 25.a3 Rxh4 26.gxh4 Kc5 27.Re1 Rb6 28.f4 Kd6 29.f5 Bd7
30.Re3 f6 31.Rg3 Ke5 32.Rxg7 Bxf5 33.Bd1 Be4 34.g3 f5 35.Re7+ Kd4 36.h5 f4
37.gxf4 Rf6 38.Bc2 Bxc2 39.Kxc2 Rxf4 40.Re6 Rf2+ 41.Kd1 Kd3 42.Ke1 Rb2 43.b4 axb4
44.axb4 Rxb4 45.Rxh6 Rh4  1/2-1/2

[Event "TCh-SVK Extraliga 2010-11"]
[Site "Kosice CZE"]
[Date "2011.01.15"]
[Round "3.4"]
[White "Berezjuk,S"]
[Black "Dovzik,J"]
[Result "1-0"]
[WhiteElo "2379"]
[BlackElo "2380"]

1.e4 c5 2.Nf3 Nc6 3.d4 cxd4 4.Nxd4 e6 5.Nc3 Nf6 6.Be2 Qc7 7.Be3 a6 8.a3 Be7
9.f4 d6 10.g4 Nd7 11.h4 b5 12.Nxc6 Qxc6 13.g5 Bb7 14.Qd4 e5 15.Qd2 exf4 16.Bxf4 O-O
17.O-O-O Ne5 18.Nd5 Rfe8 19.Rhf1 Bf8 20.Bxe5 Rxe5 21.Bh5 g6 22.Qf2 gxh5 23.Qxf7+ Kh8
24.Nf6 Bg7 25.Nxh5 Rg8 26.Nxg7 Rxg7 27.Qf8+ Rg8 28.Qf6+ Rg7 29.Rxd6 Qxe4
30.Rd7  1-0

[Event "TCh-SVK Extraliga 2010-11"]
[Site "Kosice CZE"]
[Date "2011.01.15"]
[Round "3.3"]
[White "Macak,S"]
[Black "Jurcik,Mari"]
[Result "0-1"]
[WhiteElo "2400"]
[BlackElo "2471"]

1.e4 c5 2.Nf3 Nc6 3.d4 cxd4 4.Nxd4 e6 5.Nc3 a6 6.Be3 Nf6 7.Qd2 Bb4 8.f3 d5
9.a3 Qa5 10.Nb3 Bxc3 11.Nxa5 Bxd2+ 12.Bxd2 Nxa5 13.Bxa5 dxe4 14.Bb4 exf3
15.gxf3 Nd5 16.Bc5 Bd7 17.c4 Ne7 18.Rd1 Rc8 19.b4 Bc6 20.Kf2 Ng6 21.Rg1 f6
22.Bh3 Kf7 23.Bd6 Rhd8 24.Rge1 f5 25.c5 Rd7 26.Rd2 Nh4 27.Re3 g5 28.Bf1 Bb5
29.Bxb5 axb5 30.a4 bxa4 31.Ra3 Rcd8 32.Rxa4 f4 33.Ra7 Nf5 34.Ke2 Kg6 35.Kf2 h5
36.Rda2 Nxd6 37.cxd6 Rxd6 38.Rxb7 Rd2+ 39.Rxd2 Rxd2+ 40.Kg1 g4 41.b5 gxf3
42.b6 Rg2+ 43.Kf1 Rb2 44.Rb8 Kf5 45.b7 Ke4 46.Re8 Rxb7 47.Rxe6+ Kf5 48.Re8 Rb2
49.Rf8+ Kg4 50.Rg8+ Kh3 51.Rf8 Rxh2 52.Rh8 h4 53.Rf8 Ra2 54.Rf7 Kh2 55.Rf8 h3
56.Rg8 Rg2 57.Rh8 Kg3 58.Rg8+ Kh4 59.Rh8+ Kg4 60.Rg8+ Kf5 61.Rb8 h2 62.Rh8 Rg1+
63.Kf2 h1=R 64.Rf8+ Ke6  0-1

[Event "TCh-SWE Elitserien 2010-11"]
[Site "Sweden SWE"]
[Date "2011.01.15"]
[Round "6"]
[White "Svenn,M"]
[Black "Tikkanen,H"]
[Result "0-1"]
[WhiteElo "2214"]
[BlackElo "2507"]

1.e4 c5 2.Nf3 e6 3.d4 cxd4 4.Nxd4 Nc6 5.Nc3 Qc7 6.Be3 a6 7.Qd2 Nf6 8.O-O-O Bb4
9.f3 O-O 10.g4 b5 11.g5 Ne8 12.Nxc6 Qxc6 13.Bd4 d6 14.f4 Bb7 15.Bd3 Bc5 16.Ne2 e5
17.fxe5 dxe5 18.Bxc5 Qxc5 19.Qc3 Qe7 20.h4 Rc8 21.Qb3 Qc5 22.Qc3 Qe3+ 23.Qd2 Qc5
24.Qc3 Qxc3 25.Nxc3 b4 26.Nd5 Bxd5 27.exd5 Nd6 28.Rhe1 Rfe8 29.Re3 a5 30.Rde1 f6
31.gxf6 gxf6 32.Rg1+ Kh8 33.Rf1 e4 34.Ba6 Ra8 35.Be2 f5 36.c4 Rac8 37.b3 Rg8
38.Kd2 Rg2 39.Rh3 Kg7 40.Ke3 Kf6 41.Rf2 Rxf2 42.Kxf2 f4 43.Bg4 Rc7 44.Rh1 Ke5
45.Rd1 Rg7 46.Be6 e3+  0-1

[Event "I Antonio Rocha Mem"]
[Site "Campinas BRA"]
[Date "2011.01.16"]
[Round "4.7"]
[White "Saldano Dayer,H"]
[Black "Tsuboi,E"]
[Result "1/2-1/2"]
[WhiteElo "2401"]
[BlackElo "2380"]

1.e4 c5 2.Nf3 e6 3.d4 cxd4 4.Nxd4 Nc6 5.Nc3 Qc7 6.g3 a6 7.Bg2 d6 8.O-O Bd7
9.Re1 Be7 10.Nxc6 Bxc6 11.Qg4 h5 12.Qe2 h4 13.a4 hxg3 14.hxg3 Kf8 15.a5 Re8
16.Be3 Nf6 17.Bb6 Qc8 18.b3 g6 19.Na4 d5 20.e5 Nd7 21.Bd4 Bb4 22.Bc3 Be7
23.Bd4 Bb4 24.Bc3 Be7 25.Qe3 Kg7 26.Qd2 Rh7 27.Bd4 Reh8 28.Nb6 Nxb6 29.axb6 Kg8
30.f3 Rh5 31.Kf2 Bb5 32.c3 Kf8 33.Rh1 Ke8 34.Rxh5 Rxh5 35.Qe3 Kf8 36.Kg1 Kg7
37.Kf2  1/2-1/2

[Event "TCh-SVK Extraliga 2010-11"]
[Site "Dunajska Streda CZE"]
[Date "2011.01.16"]
[Round "4.6"]
[White "Csonka,A1"]
[Black "Zetocha,C"]
[Result "1-0"]
[WhiteElo "2378"]
[BlackElo "2370"]

1.e4 c5 2.Nf3 e6 3.d4 cxd4 4.Nxd4 Nc6 5.Nc3 Qc7 6.Be3 a6 7.Qd2 Nf6 8.f3 Be7
9.O-O-O O-O 10.g4 Rd8 11.h4 b5 12.h5 b4 13.Na4 Rb8 14.g5 Ne8 15.g6 Nxd4 16.Bxd4 e5
17.gxf7+ Kxf7 18.Ba7 Qxa7 19.Qd5+ Kf6 20.Bc4 Nd6 21.f4 Qe3+ 22.Kb1 Nxc4 23.fxe5+ Kg5
24.h6 Na3+ 25.bxa3 bxa3+ 26.Ka1 d6 27.e6+ Kg4 28.Qf5+ Kg3 29.Rh3+ Kg2 30.Qf1+  1-0

[Event "Marienbad Open"]
[Site "Marianske Lazne CZE"]
[Date "2011.01.16"]
[Round "2"]
[White "Varitski,I"]
[Black "Sedlacek,Ji"]
[Result "1/2-1/2"]
[WhiteElo "2277"]
[BlackElo "2031"]

1.e4 c5 2.Nf3 e6 3.d4 cxd4 4.Nxd4 Nc6 5.Nc3 Qc7 6.Be2 a6 7.a4 Nf6 8.O-O Be7
9.Kh1 O-O 10.f4 d6 11.Nb3 b6 12.Bf3 Bb7 13.g4 Nd7 14.g5 g6 15.Bg2 Nb4 16.Rf2 Rad8
17.Be3 Nc5 18.Rd2 Rd7 19.a5 Rdd8 20.axb6 Qxb6 21.Qg1 Qc7 22.Nxc5 dxc5 23.Rad1 Rxd2
24.Rxd2 Nc6 25.e5 c4 26.Ne4 Nb4 27.Bb6 Qc8 28.Qf2 Nd5 29.Bd4 Qc7 30.Nd6 Ba8
31.Bb6 Qc6 32.Bxd5 exd5 33.Bd4 Bxd6 34.exd6 Qxd6 35.Re2 Bc6 36.Qh4 Re8 37.Qh6 Qf8
38.Rxe8 Bxe8 39.Qxf8+ Kxf8 40.Bc5+ Kg8 41.Kg1 f6 42.gxf6 Kf7 43.Bd4 Ke6 44.Kf2 Kf5
45.Ke3 Bf7 46.Bc3 Be6 47.h4 h5 48.Kf3 Bf7  1/2-1/2

[Event "TCh-SVK Extraliga 2010-11"]
[Site "Michalovce CZE"]
[Date "2011.01.16"]
[Round "4.6"]
[White "Cech,D"]
[Black "Straka,Joz"]
[Result "1-0"]
[WhiteElo "2113"]
[BlackElo "2015"]

1.e4 c5 2.Nf3 e6 3.d4 cxd4 4.Nxd4 Nc6 5.Nc3 a6 6.Be2 Nf6 7.O-O Qc7 8.Be3 Be7
9.f4 d6 10.a4 O-O 11.Kh1 Re8 12.Bf3 Bd7 13.Nb3 Bf8 14.a5 e5 15.f5 Nb4 16.g4 Bc6
17.g5 Nd7 18.Qe2 Nc5 19.g6 Nxe4 20.Nxe4 fxg6 21.fxg6 Bb5 22.Qf2 Bxf1 23.Rxf1 hxg6
24.Nc3 Qc4 25.Be4 Qe6 26.Qg2 Kh7 27.Nd5 Nc6 28.Nc7  1-0

[Event "ch-CRO"]
[Site "Marija Bistrica CRO"]
[Date "2011.01.18"]
[Round "2.6"]
[White "Saric,Iv"]
[Black "Jovanic,O"]
[Result "1-0"]
[WhiteElo "2609"]
[BlackElo "2489"]

1.e4 c5 2.Nf3 e6 3.d4 cxd4 4.Nxd4 Nc6 5.Nc3 Qc7 6.Be3 Nf6 7.f4 Nxd4 8.Qxd4 b6
9.Be2 Bb7 10.Bf3 Bc5 11.Qd3 O-O 12.Bxc5 bxc5 13.e5 Ne8 14.Bxb7 Qxb7 15.O-O-O Rb8
16.b3 Qxg2 17.Ne4 Qg4 18.Qe3 c4 19.Nc5 cxb3 20.axb3 Nc7 21.Nxd7 Nd5 22.Rxd5 exd5
23.Nf6+ gxf6 24.Rg1 f5 25.Rxg4+ fxg4 26.Qxa7 Rbe8 27.Qd7 Re6 28.Qxd5 Rfe8
29.Qe4 Rg6 30.f5 Rg7 31.Qc6 Rf8 32.b4 h5 33.Qh6 Rb8 34.e6 fxe6 35.f6 Rf7
36.Qg6+ Kf8 37.Qxh5 Ke8 38.Qh8+ Rf8 39.Qg7 Rf7 40.Qg8+ Rf8 41.Qxe6+  1-0

[Event "3rd Chennai Open"]
[Site "Chennai IND"]
[Date "2011.01.19"]
[Round "2"]
[White "Abhishek,D"]
[Black "Rahman,Zia"]
[Result "0-1"]
[WhiteElo "2349"]
[BlackElo "2528"]

1.e4 c5 2.Nf3 e6 3.d4 cxd4 4.Nxd4 Nc6 5.Nc3 Qc7 6.Be2 Nf6 7.Be3 a6 8.O-O Bb4
9.Na4 Be7 10.Nxc6 bxc6 11.Nb6 Rb8 12.Nxc8 Qxc8 13.Bd4 Qc7 14.e5 Nd5 15.c4 Nf4
16.g3 Ng6 17.f4 c5 18.Bc3 O-O 19.Bd3 d6 20.exd6 Bxd6 21.Qf3 Be7 22.Rad1 Bf6
23.Be4 Bxc3 24.Qxc3 Rfd8 25.Qc2 f5 26.Bf3 Rxd1 27.Rxd1 Rd8 28.a3 a5 29.Rxd8+ Qxd8
30.Qb3 Qd4+ 31.Kg2 Qd2+ 32.Kg1 Nf8 33.Qb5 Qd4+ 34.Kg2 h6 35.h4 Nd7 36.Qc6 Nf8
37.Qb5 Qd2+ 38.Kh3 Qf2 39.Bg2 g5 40.hxg5 hxg5 41.fxg5 a4 42.Qxa4 Qxb2 43.Kh2 Qh8+
44.Kg1 Qd4+ 45.Kh2 f4 46.gxf4 Qxf4+ 47.Kg1 Qxg5 48.Qb3 Ng6 49.Kf2 Qd2+ 50.Kf1 Qd4
51.Qb8+ Kg7 52.Qb7+ Kf6 53.Qe4 Qa1+ 54.Kf2 Qxa3 55.Bf1 Qb2+ 56.Kf3 Qh2 57.Bd3 Ne5+
58.Ke3 Qg3+ 59.Ke2 Qxd3+  0-1

[Event "GMA"]
[Site "Marianske Lazne CZE"]
[Date "2011.01.19"]
[Round "6"]
[White "Smith,Bry"]
[Black "Wieczorek,O"]
[Result "1/2-1/2"]
[WhiteElo "2458"]
[BlackElo "2330"]

1.e4 c5 2.Nf3 e6 3.d4 cxd4 4.Nxd4 Nc6 5.Nc3 Qc7 6.Be3 a6 7.Bd3 Nf6 8.O-O Nxd4
9.Bxd4 Bc5 10.Be2 d6 11.Na4 Bxd4 12.Qxd4 e5 13.Qe3 Be6 14.c4 O-O 15.Nb6 Rad8
16.f3 Nd7 17.Nxd7 Rxd7 18.Rfd1 Rc8 19.b4 h6  1/2-1/2

[Event "ch-AZE"]
[Site "Baku AZE"]
[Date "2011.01.21"]
[Round "1.3"]
[White "Mamedov,Nid"]
[Black "Rasulov,Vu"]
[Result "1-0"]
[WhiteElo "2580"]
[BlackElo "2483"]

1.e4 c5 2.Nf3 e6 3.d4 cxd4 4.Nxd4 Nc6 5.Nc3 a6 6.Be3 Nf6 7.f4 Bb4 8.Bd3 O-O
9.O-O d6 10.e5 Nd5 11.Nxd5 exd5 12.Qh5 g6 13.Qh6 f5 14.exf6 Qxf6 15.f5 gxf5
16.Nxf5 Bxf5 17.Bxf5 Qxh6 18.Bxh6 Bc5+ 19.Kh1 Rfe8 20.Rae1 Ne5 21.g3 Kh8
22.b3 a5 23.a4 b6 24.Bh3 d4 25.Bg5 h5 26.Bg2 Rab8 27.h3 Kg7 28.Be4 Nd7 29.Bf5 Rxe1
30.Rxe1 Ne5 31.Kg2 Rf8 32.Rf1 d5 33.Be6 Re8 34.Bf6+ Kg6 35.Bxd5 Nd7 36.Bxd4 Re2+
37.Kf3 Rh2 38.Bxc5 bxc5 39.Rf2 Ne5+ 40.Ke3 Rxh3 41.Kf4 Ng4 42.Re2 Nf6 43.Bg2  1-0

[Event "ch-CRO"]
[Site "Marija Bistrica CRO"]
[Date "2011.01.21"]
[Round "5.2"]
[White "Palac,M"]
[Black "Jovanic,O"]
[Result "1/2-1/2"]
[WhiteElo "2578"]
[BlackElo "2489"]

1.e4 c5 2.Nf3 e6 3.d4 cxd4 4.Nxd4 Nc6 5.Nc3 Qc7 6.Be2 Nf6 7.Be3 Be7 8.f4 d6
9.O-O O-O 10.Kh1 Nxd4 11.Qxd4 b6 12.Bf3 Bb7 13.Nb5 Qb8 14.c4 a6 15.Nc3 Nd7
16.Rfd1  1/2-1/2

[Event "I Antonio Rocha Mem"]
[Site "Campinas BRA"]
[Date "2011.01.22"]
[Round "10.4"]
[White "Saldano Dayer,H"]
[Black "Leitao,R"]
[Result "0-1"]
[WhiteElo "2401"]
[BlackElo "2609"]

1.e4 c5 2.Nf3 Nc6 3.d4 cxd4 4.Nxd4 e6 5.Nc3 a6 6.Be3 Qc7 7.Qd2 Nf6 8.O-O-O Bb4
9.f3 O-O 10.g4 b5 11.Kb1 Rb8 12.Nxc6 dxc6 13.h4 e5 14.Qe1 Be6 15.g5 Nh5 16.Nd5 cxd5
17.Qxb4 d4 18.Bd2 Ng3 19.Rh2 Nxf1 20.Rxf1 a5 21.Qxa5 Qc6 22.b3 Ra8 23.Qb4 Qa6
24.a3 d3 25.Bc1 dxc2+ 26.Rxc2 Rfd8 27.Rff2 Rd4 28.Qc5 Bxb3 29.Rc3 Qe6 30.Qxb5 Bc4
31.Qb7 Rdd8 32.Rb2 Rac8 33.Qb4 Qa6 34.Ka1 Be6 35.Rd2 Re8 36.Rd6 Qe2 37.Qb2 Qf1
38.Rd2 h5 39.Rxc8 Rxc8 40.Rc2 Rxc2 41.Qxc2 Qxf3 42.Kb2 Qf1 43.Bd2 Kh7 44.a4 Bc4
45.Kc3 Ba6 46.Bc1 Qe1+ 47.Kb3 Qxh4 48.Qc6 Be2 49.Qd5 Qh3+ 50.Kc2 Qg2 51.Bd2 Qf1
52.Kc3 Qa1+ 53.Kb4 Qb2+ 54.Kc5 Bg4 55.a5 Be6 56.Qd8 Qc2+ 57.Kb6 Qxe4 58.a6 Qd5
59.g6+ Kxg6 60.Qg5+ Kh7 61.Qxh5+ Kg8 62.Qg5 Qd4+ 63.Kc6 Bd5+  0-1

[Event "TCh-CZE 2010-11"]
[Site "Czech Rep CZE"]
[Date "2011.01.22"]
[Round "6.2"]
[White "Petr,Ma"]
[Black "Jurcik,Mari"]
[Result "1/2-1/2"]
[WhiteElo "2462"]
[BlackElo "2471"]

1.e4 c5 2.Nf3 Nc6 3.d4 cxd4 4.Nxd4 e6 5.Nc3 a6 6.Nxc6 bxc6 7.Bd3 d5 8.O-O Nf6
9.Qe2 Be7 10.b3 O-O 11.Bb2 Bb7 12.Na4 Qc7 13.e5 Nd7 14.c4 dxc4 15.Bxc4 Nb6
16.Nxb6 Qxb6 17.Rad1 Rfd8 18.Rd6 Qc7 19.Qg4 g6 20.Qd4 c5 21.Qc3 Kf8 22.Re1 Ke8
23.Rdd1 Rxd1 24.Rxd1 Rd8 25.Rxd8+ Qxd8 26.Qc2 Qd7 27.Qe2 Qc6 28.f3 h5 29.Bc3 Qb6
30.Qd2 Qc6 31.h3 Qd7 32.Qe2 Qc6 33.Bd2 Qb6 34.Kh1 Qc6 35.Bh6 Qb6 36.Bg7 Qa5
37.Bh6 Qb6 38.Kh2 Qa5 39.a4 h4 40.Bd2 Qb6 41.Kh1 Kf8 42.a5 Qc6 43.Qe3 Qd7
44.Kh2 Kg8 45.Kg1 Kf8 46.Kf1 Ke8 47.Ke2 Qc7 48.Kd1 Kf8 49.Qh6+ Ke8 50.Qh8+ Kd7
51.Qg7 g5 52.Bxg5 Bxg5 53.Qxg5 Qxa5 54.Qxh4 Qa1+ 55.Ke2 Qxe5+ 56.Kf2 Bd5
57.Bxd5 exd5 58.Qa4+ Ke7 59.Qxa6 Qd4+ 60.Kg3 Qg7+ 61.Kh2 Qe5+ 62.Kh1 Qe1+
63.Kh2 Qe5+ 64.Kh1  1/2-1/2